| 000 | 01244cam a22002531 4500 | ||
|---|---|---|---|
| 001 | e 49000023 | ||
| 003 | DLC | ||
| 005 | 20260227111233.0 | ||
| 008 | 820108m19481952dcua f000 0 eng c | ||
| 010 | _ae 49000023 | ||
| 035 | _a(OCoLC)8049356 | ||
| 040 |
_aU.S. Office of Education. Library _cGAuA _dDLC |
||
| 042 | _apremarc | ||
| 043 | _an-us--- | ||
| 050 | 0 | 0 |
_aLB1555 _b.N24 |
| 082 | _a372.2 | ||
| 110 | 2 | _aNational Council of State Consultants in Elementary Education. | |
| 245 | 1 | 0 |
_aPlanning for America's children. _c[Prepared in cooperation with elementary staff members, Office of Education, Federal Security Agency. |
| 260 |
_aWashington, _c1948-52; pt. 6, 1948] |
||
| 300 |
_a6 pts. _billus. _c27 cm. |
||
| 505 | 0 | _a[pt. 1] Committee 1. The characteristics of a good elementary school.-- [pt. 2] Committee 2. Year-round programs for children.-- [pt. 3] Committee 3. Programs for children below six.-- [pt. 4] Committee 4. Modern trends in state-wide curriculum programs.-- [pt. 5] Committee 5. Programs for the continuous professional education of teachers.-- [pt. 6] Committee 6. Desirable schoolhousing, equipment and instructional supplies. | |
| 650 | 0 | _aEducation, Elementary. | |
| 650 | 0 |
_aEducation _zUnited States. |
|
| 999 |
_c22099 _d22099 |
||